00305nam a2200121Ia 4500008004100000100004500041245002800086260001600114300000800130650002000138942000800158999001700166190216s9999||||xx |||||||||||||| ||und|| a"Savitha Sinha , Mohamed Akthar Hussain" 0aLands And Peoples Part3 bNcertc2003 a180 aSocial Sciences cREF c36672d36672